[Event "Pools schev"]
[Site "Singapore"]
[Date "1997.??.??"]
[Round "10"]
[White "Kurniawan, Bobby"]
[Black "Mohd, S AR"]
[Result "1-0"]
[WhiteElo "2405"]
[BlackElo "2255"]
[PlyCount "65"]
[EventDate "1997.05.31"]
[EventType "schev"]
[EventRounds "10"]
[EventCountry "SIN"]
[SourceTitle "CBM 058 Extra"]
[Source "ChessBase"]
[SourceDate "1997.07.29"]
[SourceVersion "1"]
[SourceVersionDate "1997.07.29"]
[SourceQuality "1"]

1. e4 e5 2. Nf3 d6 3. Bc4 g6 4. c3 Bg7 5. 0-0 Nf6 6. Re1 0-0 7. d3 c6 8. a4 Nbd7 9. Bb3 Nc5 10. Bc2 Nh5 11. d4 Ne6 12. dxe5 dxe5 13. Qxd8 Rxd8 14. Be3 Nef4 15. Na3 Bg4 16. Nd2 Nd3 17. Reb1 Be6 18. Kf1 f5 19. f3 Rd7 20. b4 b6 21. b5 cxb5 22. Rxb5 Re8 23. c4 f4 24. Bg1 Nb4 25. Rxb4 Rxd2 26. c5 bxc5 27. Bb3 Kf7 28. Rb7+ Kf6 29. Bxe6 Kxe6 30. Rc1 Bf6 31. Rxa7 Be7 32. Nc4 Ra2 33. Ra6+ 1-0

[Event "Genting zt"]
[Site "Genting"]
[Date "1995.??.??"]
[Round "7"]
[White "Hsu, Li Yang"]
[Black "Mohd, S AR"]
[Result "1-0"]
[WhiteElo "2460"]
[BlackElo "2205"]
[PlyCount "175"]
[EventDate "1995.07.??"]
[EventType "swiss"]
[EventRounds "11"]
[EventCountry "INA"]
[SourceTitle "CBM 047 Extra"]
[Source "ChessBase"]
[SourceDate "1995.09.01"]
[SourceVersion "1"]
[SourceVersionDate "1995.09.01"]
[SourceQuality "1"]

1. c4 e5 2. g3 Nf6 3. Bg2 d5 4. cxd5 Nxd5 5. Nc3 Nb6 6. Nf3 Nc6 7. a3 a5 8. 0-0 Be7 9. Rb1 f6 10. Qb3 a4 11. Qd1 Be6 12. d3 Bb3 13. Qe1 Qd7 14. Be3 Nd5 15. Nxd5 Bxd5 16. Qc3 0-0 17. Rbc1 Rfd8 18. Rfd1 Ra5 19. Nd2 Bxg2 20. Kxg2 Qd5+ 21. f3 f5 22. Nb1 Rb5 23. Qc2 Qb3 24. Nc3 Qxc2 25. Rxc2 Ra5 26. Bf2 Nd4 27. Bxd4 Rxd4 28. e3 Rd8 29. g4 g6 30. Kf2 Kf7 31. Ke2 h5 32. gxf5 gxf5 33. Rg1 c6 34. Rcc1 Rg8 35. Rxg8 Kxg8 36. d4 Bf6 37. Kd3 Ra8 38. f4 exd4 39. exd4 Rd8 40. Ne2 Rd5 41. Rc4 c5 42. Rxa4 b5 43. Ra5 Bxd4 44. Nxd4 Rxd4+ 45. Ke3 Re4+ 46. Kf3 b4 47. Rxc5 bxa3 48. bxa3 Ra4 49. Rxf5 Rxa3+ 50. Kg2 Kg7 51. Rxh5 Kg6 52. Rh3 Ra2+ 53. Kg3 Kf5 54. Rh5+ Kg6 55. Rg5+ Kf6 56. Rh5 Ra8 57. h4 Ra1 58. Rg5 Rg1+ 59. Kf3 Rf1+ 60. Kg4 Rg1+ 61. Kh5 Rf1 62. Rg6+ Kf7 63. Rg4 Kf6 64. Kh6 Rf2 65. h5 Rh2 66. Rg8 Kf7 67. Rg6 Rf2 68. Kg5 Rg2+ 69. Kf5 Rh2 70. Rf6+ Ke7 71. Rh6 Rf2 72. Rh7+ Kf8 73. Ra7 Rb2 74. Kg5 Rb8 75. f5 Rb1 76. h6 Kg8 77. Re7 Rh1 78. Kg6 Rg1+ 79. Kf6 Rh1 80. h7+ Kh8 81. Kf7 Rxh7+ 82. Kf8 Rg7 83. f6 Rg8+ 84. Kf7 Rf8+ 85. Kg6 Rg8+ 86. Kh6 Ra8 87. Rh7+ Kg8 88. f7+ 1-0